000 00573nam a2200217 a 4500
999 _c9162
_d9162
001 9162
003 BD-JhCC
005 20180310121701.0
008 180310s1967 ii a|||| || | 001 0 eng d
035 _a(BD-JhCC)9162
040 _aBD-JhCC
_dBD-JhCC
041 _aeng
082 _a621.381
_bELE 1967
245 _aElectronics Volume- Four /
_cHarry Mileaf (Editor)
260 _aIndia :
_bD. B. Taraporevala Sons & Co. Pvt. Ltd,
_c1967
300 _a118 p. :
_c24 cm.
650 _aElectronics
700 _aMileaf, Harry(Editor)
942 _2ddc
_cBK